00260nam a22001097a 4500020001500000040000900015082001600024100001000040245004100050260004400091650001500135 a0471184764 cNust a540.21bBRA aBrady aChemistry bMatter and it's changes aNew York:bjohn Willey and sons,c2000. aChemistry